<?xml version="1.0" encoding="UTF-8"?>
<record
    xmlns:xsi="http://www.w3.org/2001/XMLSchema-instance"
    xsi:schemaLocation="http://www.loc.gov/MARC21/slim http://www.loc.gov/standards/marcxml/schema/MARC21slim.xsd"
    xmlns="http://www.loc.gov/MARC21/slim">

  <leader>00752nam a22001577a 4500</leader>
  <controlfield tag="003">OSt</controlfield>
  <controlfield tag="005">20150909165706.0</controlfield>
  <controlfield tag="008">150909b        xxu||||| |||| 00| 0 eng d</controlfield>
  <datafield tag="040" ind1=" " ind2=" ">
    <subfield code="c">RUA</subfield>
  </datafield>
  <datafield tag="082" ind1=" " ind2=" ">
    <subfield code="a">AGR &#x1791;&#x17C1;&#x1796; 1994 B009 Or.1</subfield>
  </datafield>
  <datafield tag="100" ind1=" " ind2=" ">
    <subfield code="9">201</subfield>
    <subfield code="a">&#x1791;&#x17C1;&#x1796; &#x1782;&#x1793;&#x17D2;&#x1792;&#x17B6;&#x179A;&#x17C9;&#x17B6;</subfield>
  </datafield>
  <datafield tag="245" ind1=" " ind2=" ">
    <subfield code="a">&#x1780;&#x17B6;&#x179A;&#x1794;&#x17B6;&#x178F;&#x17CB;&#x1794;&#x1784;&#x17CB;&#x1791;&#x17B7;&#x1793;&#x17D2;&#x1793;&#x1795;&#x179B;&#x1794;&#x178E;&#x17D2;&#x178A;&#x17B6;&#x179B;&#x1798;&#x1780;&#x1796;&#x17B8;&#x1780;&#x178F;&#x17D2;&#x178F;&#x17B6;&#x1785;&#x1784;&#x17D2;&#x179A;&#x17C3; &#x1793;&#x17B7;&#x1784;&#x179B;&#x1780;&#x17D2;&#x1781;&#x178E;&#x17C8;&#x178C;&#x17B8;&#x178E;&#x17B6;&#x1798;&#x17B7;&#x1785;&#x179A;&#x1794;&#x179F;&#x17CB;&#x1796;&#x1796;&#x17BD;&#x1780;&#x17A2;&#x17B6;&#x178F;&#x17D2;&#x179A;&#x17BC;&#x1794;&#x17C9;&#x17BC;&#x178A;&#x1793;&#x17C5;&#x1780;&#x17D2;&#x1793;&#x17BB;&#x1784;&#x179F;&#x17D2;&#x179A;&#x17C2;&#x1794;&#x17B6;&#x1789;&#x17CB;&#x1790;&#x17D2;&#x1793;&#x17B6;&#x17C6; &#x1793;&#x17B7;&#x1784;&#x1798;&#x17B7;&#x1793;&#x1794;&#x17B6;&#x1789;&#x17CB;&#x1790;&#x17D2;&#x1793;&#x17B6;&#x17C6;&#x1793;&#x17C5;&#x179F;&#x17D2;&#x1790;&#x17B6;&#x1793;&#x17B8;&#x1799;&#x17CD;&#x178A;&#x17B8;&#x17A5;&#x178A;&#x17D2;&#x178B;</subfield>
  </datafield>
  <datafield tag="260" ind1=" " ind2=" ">
    <subfield code="a">Phnom Penh</subfield>
    <subfield code="b">RUA</subfield>
    <subfield code="c">1994</subfield>
  </datafield>
  <datafield tag="300" ind1=" " ind2=" ">
    <subfield code="a">75p.</subfield>
    <subfield code="b">ill.</subfield>
    <subfield code="c">29cm.</subfield>
  </datafield>
  <datafield tag="942" ind1=" " ind2=" ">
    <subfield code="2">ddc</subfield>
    <subfield code="c">AGR</subfield>
  </datafield>
  <datafield tag="999" ind1=" " ind2=" ">
    <subfield code="c">182</subfield>
    <subfield code="d">182</subfield>
  </datafield>
  <datafield tag="952" ind1=" " ind2=" ">
    <subfield code="0">0</subfield>
    <subfield code="1">0</subfield>
    <subfield code="2">ddc</subfield>
    <subfield code="4">0</subfield>
    <subfield code="6">AGR_&#x1791;&#x17C1;&#x1796;_1994_000000000000000_B009_OR_1</subfield>
    <subfield code="7">0</subfield>
    <subfield code="9">738</subfield>
    <subfield code="a">LBB</subfield>
    <subfield code="b">LBB</subfield>
    <subfield code="c">B009</subfield>
    <subfield code="d">2015-09-09</subfield>
    <subfield code="o">AGR &#x1791;&#x17C1;&#x1796; 1994 B009 Or.1</subfield>
    <subfield code="p">RUA003372</subfield>
    <subfield code="r">2015-09-09</subfield>
    <subfield code="w">2015-09-09</subfield>
    <subfield code="y">AGR</subfield>
  </datafield>
  <datafield tag="952" ind1=" " ind2=" ">
    <subfield code="0">0</subfield>
    <subfield code="1">0</subfield>
    <subfield code="2">ddc</subfield>
    <subfield code="4">0</subfield>
    <subfield code="6">AGR_&#x1791;&#x17C1;&#x1796;_1994_000000000000000_B009_OR_2</subfield>
    <subfield code="7">0</subfield>
    <subfield code="9">739</subfield>
    <subfield code="a">LBB</subfield>
    <subfield code="b">LBB</subfield>
    <subfield code="c">B009</subfield>
    <subfield code="d">2015-09-09</subfield>
    <subfield code="o">AGR &#x1791;&#x17C1;&#x1796; 1994 B009 Or.2</subfield>
    <subfield code="p">RUA003158</subfield>
    <subfield code="r">2015-09-09</subfield>
    <subfield code="w">2015-09-09</subfield>
    <subfield code="y">AGR</subfield>
  </datafield>
  <datafield tag="952" ind1=" " ind2=" ">
    <subfield code="0">0</subfield>
    <subfield code="1">0</subfield>
    <subfield code="2">ddc</subfield>
    <subfield code="4">0</subfield>
    <subfield code="6">AGR_&#x1791;&#x17C1;&#x1796;_1994_000000000000000_B009_OR_3</subfield>
    <subfield code="7">0</subfield>
    <subfield code="9">740</subfield>
    <subfield code="a">LBB</subfield>
    <subfield code="b">LBB</subfield>
    <subfield code="c">B009</subfield>
    <subfield code="d">2015-09-09</subfield>
    <subfield code="o">AGR &#x1791;&#x17C1;&#x1796; 1994 B009 Or.3</subfield>
    <subfield code="p">RUA003086</subfield>
    <subfield code="r">2015-09-09</subfield>
    <subfield code="w">2015-09-09</subfield>
    <subfield code="y">AGR</subfield>
  </datafield>
  <datafield tag="952" ind1=" " ind2=" ">
    <subfield code="0">0</subfield>
    <subfield code="1">0</subfield>
    <subfield code="2">ddc</subfield>
    <subfield code="4">0</subfield>
    <subfield code="6">AGR_&#x1791;&#x17C1;&#x1796;_1994_000000000000000_B009_OR_4</subfield>
    <subfield code="7">0</subfield>
    <subfield code="9">741</subfield>
    <subfield code="a">LBB</subfield>
    <subfield code="b">LBB</subfield>
    <subfield code="c">B009</subfield>
    <subfield code="d">2015-09-09</subfield>
    <subfield code="o">AGR &#x1791;&#x17C1;&#x1796; 1994 B009 Or.4</subfield>
    <subfield code="p">RUA003014</subfield>
    <subfield code="r">2015-09-09</subfield>
    <subfield code="w">2015-09-09</subfield>
    <subfield code="y">AGR</subfield>
  </datafield>
  <datafield tag="952" ind1=" " ind2=" ">
    <subfield code="0">0</subfield>
    <subfield code="1">0</subfield>
    <subfield code="2">ddc</subfield>
    <subfield code="4">0</subfield>
    <subfield code="6">AGR_&#x1791;&#x17C1;&#x1796;_1994_000000000000000_B009_OR_5</subfield>
    <subfield code="7">0</subfield>
    <subfield code="9">742</subfield>
    <subfield code="a">LBB</subfield>
    <subfield code="b">LBB</subfield>
    <subfield code="c">B009</subfield>
    <subfield code="d">2015-09-09</subfield>
    <subfield code="o">AGR &#x1791;&#x17C1;&#x1796; 1994 B009 Or.5</subfield>
    <subfield code="p">RUA003545</subfield>
    <subfield code="r">2015-09-09</subfield>
    <subfield code="w">2015-09-09</subfield>
    <subfield code="y">AGR</subfield>
  </datafield>
  <datafield tag="952" ind1=" " ind2=" ">
    <subfield code="0">0</subfield>
    <subfield code="1">0</subfield>
    <subfield code="2">ddc</subfield>
    <subfield code="4">0</subfield>
    <subfield code="6">AGR_&#x1791;&#x17C1;&#x1796;_1994_000000000000000_B009_OR_6</subfield>
    <subfield code="7">0</subfield>
    <subfield code="9">743</subfield>
    <subfield code="a">LBB</subfield>
    <subfield code="b">LBB</subfield>
    <subfield code="c">B009</subfield>
    <subfield code="d">2015-09-09</subfield>
    <subfield code="o">AGR &#x1791;&#x17C1;&#x1796; 1994 B009 Or.6</subfield>
    <subfield code="p">RUA003511</subfield>
    <subfield code="r">2015-09-09</subfield>
    <subfield code="w">2015-09-09</subfield>
    <subfield code="y">AGR</subfield>
  </datafield>
  <datafield tag="952" ind1=" " ind2=" ">
    <subfield code="0">0</subfield>
    <subfield code="1">0</subfield>
    <subfield code="2">ddc</subfield>
    <subfield code="4">0</subfield>
    <subfield code="6">AGR_&#x1791;&#x17C1;&#x1796;_1994_000000000000000_B009_OR_7</subfield>
    <subfield code="7">0</subfield>
    <subfield code="9">744</subfield>
    <subfield code="a">LBB</subfield>
    <subfield code="b">LBB</subfield>
    <subfield code="c">B009</subfield>
    <subfield code="d">2015-09-09</subfield>
    <subfield code="o">AGR &#x1791;&#x17C1;&#x1796; 1994 B009 Or.7</subfield>
    <subfield code="p">RUA003010</subfield>
    <subfield code="r">2015-09-09</subfield>
    <subfield code="w">2015-09-09</subfield>
    <subfield code="y">AGR</subfield>
  </datafield>
  <datafield tag="952" ind1=" " ind2=" ">
    <subfield code="0">0</subfield>
    <subfield code="1">0</subfield>
    <subfield code="2">ddc</subfield>
    <subfield code="4">0</subfield>
    <subfield code="6">AGR_&#x1791;&#x17C1;&#x1796;_1994_000000000000000_B009_OR_8</subfield>
    <subfield code="7">0</subfield>
    <subfield code="9">745</subfield>
    <subfield code="a">LBB</subfield>
    <subfield code="b">LBB</subfield>
    <subfield code="c">B009</subfield>
    <subfield code="d">2015-09-09</subfield>
    <subfield code="o">AGR &#x1791;&#x17C1;&#x1796; 1994 B009 Or.8</subfield>
    <subfield code="p">RUA003474</subfield>
    <subfield code="r">2015-09-09</subfield>
    <subfield code="w">2015-09-09</subfield>
    <subfield code="y">AGR</subfield>
  </datafield>
  <datafield tag="952" ind1=" " ind2=" ">
    <subfield code="0">0</subfield>
    <subfield code="1">0</subfield>
    <subfield code="2">ddc</subfield>
    <subfield code="4">0</subfield>
    <subfield code="6">AGR_&#x1791;&#x17C1;&#x1796;_1994_000000000000000_B009_OR_9</subfield>
    <subfield code="7">0</subfield>
    <subfield code="9">746</subfield>
    <subfield code="a">LBB</subfield>
    <subfield code="b">LBB</subfield>
    <subfield code="c">B009</subfield>
    <subfield code="d">2015-09-09</subfield>
    <subfield code="o">AGR &#x1791;&#x17C1;&#x1796; 1994 B009 Or.9</subfield>
    <subfield code="p">RUA003145</subfield>
    <subfield code="r">2015-09-09</subfield>
    <subfield code="w">2015-09-09</subfield>
    <subfield code="y">AGR</subfield>
  </datafield>
</record>
